书目信息 |
| 题名: |
科学方法论基础
|
|
| 作者: | 吴元梁 著 | |
| 分册: | ||
| 出版信息: | 北京 中国社会科学出版社 1984 |
|
| 页数: | 305页 | |
| 开本: | 19cm | |
| 丛书名: | ||
| 单 册: | ||
| 中图分类: | G304 | |
| 科图分类: | ||
| 主题词: | 科学方法论 | |
| 电子资源: | ||
| ISBN: | ||
| 000 | 00594nam0 2200229 45 | |
| 001 | 0184004835 | |
| 005 | 20060810092014.04 | |
| 010 | @dCNY0.93 | |
| 091 | @a2190.086 | |
| 100 | @a19950422d1984 em y0chiy0121 ea | |
| 101 | 0 | @achi |
| 102 | @aCN@b110000 | |
| 105 | @ay z 000yy | |
| 200 | 10 | @a科学方法论基础@Ake xue fang fa lun ji chu@f吴元梁著 |
| 210 | @a北京@c中国社会科学出版社@d1984 | |
| 215 | @a305页@d19cm | |
| 606 | @a科学方法论 | |
| 690 | @aG304@v3 | |
| 701 | 0 | @a吴元梁@Awu yuan liang@4著 |
| 801 | 2 | @aCN@bNLC@c20060810 |
| 801 | 0 | @aCN@b上海图书馆@c20040430 |
| 905 | @dG304@e67 | |
| 科学方法论基础/吴元梁著.-北京:中国社会科学出版社,1984 |
| 305页;19cm |
| ISBN :CNY0.93 |
| ● |
| 相关链接 |
|
|
|
|
正题名:科学方法论基础
索取号:G304/67
 
预约/预借
| 序号 | 登录号 | 条形码 | 馆藏地/架位号 | 状态 | 备注 |
| 1 | 0228147 | 000986847 | 密集书库/ [索取号:G304/67] | 在馆 | |
| 2 | 0228148 | 000986838 | 第一样本阅览室/ [索取号:G304/67] | 在馆 | |
| 3 | 0453837 | 204538376 | 密集书库/ [索取号:G304/67] | 在馆 |